000 00448nam a2200181Ia 4500
005 20250603145140.0
008 250603s9999 xx 000 0 und d
020 _a9780706985672
050 _aJZ 4850 .H87/
100 _aHurd, Ian
245 0 _aInternational organizations: politics, law, practice
250 _a2nd ed
260 _aNew York
260 _bCambridge University Press
260 _c2020
650 _aNew York
942 _cBK
999 _c41019
_d41019